00521nam a2200169Ia 4500003000900000008004100009040001600050080002500066110003300091245009600124260005000220300000800270500001900278650002100297650001900318650001400337IN-BaIIA211028s9999 xx 000 0 eng d cIIA Library a083.7:669.71.41bISI aIndian Standards Institution 0aIndian standard dimensions for wrought aluminium alloys platecIndian Standards Institution aNew DelhibIndian Standards Institutionc1964 a7p. aIS 2677 : 1964 aAluminium Alloys aNASA Thesaurus aStandards